The noble scholar, jurist, historian


 His Excellency Dr. Abdul Wahhab bin Ibrahim Abu Sulaiman, may Allah have mercy on him.


 He was born in Umm Al-Qura in the year 1356 AH.

المصطلحات الحضارية في مكة المكرمة من خلال بعض الكتب والوثائق المكية من القرن التاسع الهجري حتى منتصف القرن الرابع عشر / (Record no. 11412)

MARC details
000 -LEADER
fixed length control field 02111cam a2200337 i 4500
003 - CONTROL NUMBER IDENTIFIER
control field OSt
005 - DATE AND TIME OF LATEST TRANSACTION
control field 20250903090035.0
008 - FIXED-LENGTH DATA ELEMENTS--GENERAL INFORMATION
fixed length control field 250901s2016 su g bd 001 0 ara c
020 ## - INTERNATIONAL STANDARD BOOK NUMBER
International Standard Book Number 9786038128862
024 0# - OTHER STANDARD IDENTIFIER
Standard number or code 00000000833920
024 0# - OTHER STANDARD IDENTIFIER
Standard number or code 00000000829272
040 ## - CATALOGING SOURCE
Original cataloging agency SA-RiAUC
Language of cataloging ara
Transcribing agency SA-RiAUC
Modifying agency AE-DuMBRL
Description conventions rda
050 #4 - LIBRARY OF CONGRESS CALL NUMBER
Item number .M35 2016
082 04 - DEWEY DECIMAL CLASSIFICATION NUMBER
Classification number 953.12103
Assigning agency SA-RiAUC
090 ## - LOCALLY ASSIGNED LC-TYPE CALL NUMBER (OCLC); LOCAL CALL NUMBER (RLIN)
Classification number (OCLC) (R) ; Classification number, CALL (RLIN) (NR) 953.12103
Local cutter number (OCLC) ; Book number/undivided call number, CALL (RLIN) م ك ا
100 1# - MAIN ENTRY--PERSONAL NAME
Personal name مكاوي، حسام بن عبد العزيز
Relator term مؤلف.
245 12 - TITLE STATEMENT
Title المصطلحات الحضارية في مكة المكرمة من خلال بعض الكتب والوثائق المكية من القرن التاسع الهجري حتى منتصف القرن الرابع عشر /
Statement of responsibility, etc. حسام بن عبد العزيز مكاوي.
264 #1 - PRODUCTION, PUBLICATION, DISTRIBUTION, MANUFACTURE, AND COPYRIGHT NOTICE
Place of production, publication, distribution, manufacture الرياض :
Name of producer, publisher, distributor, manufacturer مركز تاريخ مكة المكرمة :
-- دارة الملك عبد العزيز،
Date of production, publication, distribution, manufacture, or copyright notice 2016.
300 ## - PHYSICAL DESCRIPTION
Extent 393 صفحة ؛
Dimensions 17 × 24 سم
336 ## - CONTENT TYPE
Content type term نص
Content type code txt
Source rdacontent
Materials specified كتاب
337 ## - MEDIA TYPE
Media type term بدون وسيط
Media type code n
Source rdamedia
338 ## - CARRIER TYPE
Carrier type term مجلد
Carrier type code nc
Source rdacarrier
500 ## - GENERAL NOTE
General note كشاف عام : صفحة 329.
504 ## - BIBLIOGRAPHY, ETC. NOTE
Bibliography, etc. note يشتمل على ببليوجرافية.
520 ## - SUMMARY, ETC.
Summary, etc. هذا الكتاب الذي نقدم له هو حلقة في سلسلة ما كتب عن مكة المكرمة اعتنى فيه الباحث بجمع المصطلحات المتداولة في ذلك البلد الكريم في مدة معينة هي الممتدة من القرن التاسع الهجري إلى منتصف القرن الرابع عشر مستعينا في ذلك بالمصادر والمراجع المتنوعة موردا نصوصا تشهد لما رصده من مصطلحات في تلك المدة شارحا لدلالاتها وسياقاتها لتتضح للقارئ ويعيش معها.
650 #7 - SUBJECT ADDED ENTRY--TOPICAL TERM
Topical term or geographic name entry element اللغة العربية
General subdivision لهجات
Geographic subdivision السعودية
Source of heading or term aucsh
650 #7 - SUBJECT ADDED ENTRY--TOPICAL TERM
Topical term or geographic name entry element اللغة العربية
Form subdivision معاجم
Source of heading or term aucsh
651 #7 - SUBJECT ADDED ENTRY--GEOGRAPHIC NAME
Geographic name مكة المكرمة
Form subdivision معاجم جغرافية
Source of heading or term aucsh
942 ## - ADDED ENTRY ELEMENTS (KOHA)
Source of classification or shelving scheme Dewey Decimal Classification
Koha item type Books
Suppress in OPAC No
949 ## - LOCAL PROCESSING INFORMATION (OCLC)
a SA-JeALM
d 250901
u mohamedma123
n 1
Holdings
Withdrawn status Lost status Source of classification or shelving scheme Damaged status Not for loan Home library Current library Date acquired Total checkouts Full call number Barcode Date last seen Price effective from Koha item type
    Dewey Decimal Classification     DR AbdElwahab Library DR AbdElwahab Library 09/03/2025   953.12103 م ك ا 000018472 09/03/2025 09/03/2025 Books